000 00272nam a22001217a 4500
008 171014b xxu||||| |||| 00| 0 eng d
041 _aeng
080 _a331
100 _a52
101 _aPUN
245 _aSUCCEEDING IN THE WORLD OF WORK
_cKIMBRELL, G
942 _2udc
_cBK
999 _c33922
_d33922